方角がつく漢字2文字の駅名 - Statistics

General Stats
  • This quiz has been taken 110 times
  • The average score is 44 of 151
Answer Stats
会社 都道府県 駅名 % Correct
私鉄 京都府 東山
74%
私鉄 奈良県 東山
74%
私鉄 東京都 北野
70%
私鉄 福岡県 北野
70%
JR 宮城県 北山
69%
私鉄 栃木県 北山
69%
私鉄 京都府 北山
69%
私鉄 高知県 北山
69%
両方 東京都 東京
66%
私鉄 岐阜県 東野
64%
私鉄 京都府 東野
64%
JR 新潟県 西山
62%
私鉄 福岡県 西山
62%
JR 埼玉県 北本
58%
JR 北海道 北見
53%
私鉄 東京都 葛西
52%
私鉄 大阪府 川西
52%
両方 山口県 川西
52%
JR 岩手県 北上
52%
JR 宮崎県 北川
52%
私鉄 兵庫県 西宮(阪神)
52%
JR 山形県 南野
52%
JR 兵庫県 西宮(JR)
52%
JR 広島県 西条
51%
JR 長野県 西条
51%
私鉄 神奈川県 西谷
48%
JR 茨城県 東海
45%
JR 北海道 北浜
44%
私鉄 大阪府 北浜
44%
私鉄 群馬県 北原
44%
私鉄 広島県 西原
44%
JR 徳島県 西原
44%
JR 東京都 西府
44%
JR 千葉県 北柏
43%
私鉄 愛知県 西尾
43%
JR 千葉県 南柏
43%
私鉄 愛知県 東田
42%
私鉄 福井県 南条
42%
JR 神奈川県 山北
42%
私鉄 愛知県 江南
40%
JR 島根県 江南
40%
私鉄 東京都 江北
39%
JR 佐賀県 江北
39%
私鉄 大阪府 南方
39%
JR 宮崎県 南方
39%
JR 千葉県 東金
38%
両方 静岡県 伊東
36%
JR 愛媛県 大西
36%
JR 宮崎県 川南
36%
JR 愛知県 東上
36%
JR 広島県 東城
36%
JR 宮城県 北浦
35%
私鉄 高知県 北浦
35%
私鉄 東京都 西台
35%
JR 福島県 川東
34%
私鉄 佐賀県 川東
34%
私鉄 大阪府 堺東
34%
JR 山形県 東根
34%
私鉄 福岡県 北方
32%
JR 佐賀県 北方
32%
JR 新潟県 北条
32%
私鉄 愛知県 港北
32%
私鉄 富山県 西町
32%
JR 福岡県 東郷
31%
私鉄 愛知県 西浦
31%
JR 滋賀県 甲南
30%
JR 宮崎県 南郷
30%
JR 愛知県 東浦
29%
JR 山口県 東萩
29%
私鉄 愛媛県 南町
29%
JR 北海道 東森
27%
JR 徳島県 阿南
26%
私鉄 長崎県 西郷
26%
私鉄 福岡県 西新
26%
JR 香川県 香西
25%
私鉄 京都府 西院(嵐電)
25%
私鉄 京都府 西院(阪急)
25%
私鉄 和歌山県 山東
25%
JR 鳥取県 東浜
25%
JR 宮崎県 北郷
23%
JR 千葉県 湖北
23%
私鉄 兵庫県 西代
23%
JR 秋田県 西目
23%
私鉄 東京都 南平
23%
JR 岩手県 北森
22%
私鉄 京都府 東寺
22%
JR 和歌山県 海南
21%
私鉄 福井県 北府
21%
私鉄 群馬県 城東
21%
JR 和歌山県 南部
21%
JR 静岡県 函南
19%
JR 滋賀県 甲西
19%
JR 青森県 下北
19%
私鉄 広島県 城北
19%
JR 静岡県 城西
19%
私鉄 鹿児島県 西方
19%
JR 北海道 西中
19%
私鉄 愛媛県 山西
19%
JR 和歌山県 印南
18%
JR 茨城県 西金
18%
JR 新潟県 津南
18%
私鉄 三重県 北楠
17%
JR 千葉県 太東
17%
JR 千葉県 成東
17%
私鉄 愛知県 西春
17%
JR 滋賀県 栗東
17%
私鉄 岐阜県 岐南
16%
JR 長野県 坂北
16%
JR 宮城県 東名
16%
私鉄 千葉県 西畑
16%
私鉄 静岡県 浜北
16%
JR 北海道 輪西
16%
JR 山口県 厚東
14%
JR 新潟県 西燕
14%
私鉄 大阪府 北巽
13%
私鉄 大阪府 北畠
13%
私鉄 石川県 北間
13%
私鉄 埼玉県 沼南
13%
JR 北海道 智北
13%
JR 愛知県 東栄
13%
私鉄 山梨県 東桂
13%
私鉄 大阪府 南巽
13%
私鉄 高知県 北内
12%
私鉄 兵庫県 西灘
12%
JR 宮崎県 日南
12%
私鉄 広島県 安東
12%
私鉄 長野県 渕東
10%
JR 熊本県 西里
10%
JR 長崎県 東園
10%
私鉄 愛知県 碧南
10%
私鉄 東京都 東雲
9%
私鉄 京都府 東雲
9%
私鉄 愛知県 南栄
9%
私鉄 岐阜県 南宿
9%
私鉄 石川県 西泉
6%
私鉄 高知県 西分
6%
JR 北海道 糠南
6%
JR 徳島県 板東
6%
JR 福島県 東館
6%
JR 鹿児島県 北俣
5%
私鉄 石川県 西岸
5%
私鉄 大阪府 塚西
4%
私鉄 三重県 東員
4%
JR 山形県 西袋
4%
私鉄 鳥取県 八東
4%
私鉄 大阪府 東湊
4%
私鉄 岐阜県 北濃
4%
JR 長野県 北殿
3%
私鉄 福岡県 熊西
3%
私鉄 山口県 南桑
3%
JR 北海道 拓北
0%
No matching quizzes found
Score Distribution
Percent of People with Each Score
Percentile by Number Answered
Your Score History
You have not taken this quiz